|
|
|
|
| LEADER |
02053nam a2200457 i 4500 |
| 001 |
EBC1752812 |
| 003 |
MiAaPQ |
| 005 |
20200903223051.0 |
| 006 |
m o d | |
| 007 |
cr cnu|||||||| |
| 008 |
140913t20142014enkad ob 000 0 eng d |
| 020 |
|
|
|z 9781784410971
|
| 020 |
|
|
|a 9781784410988
|q (electronic bk.)
|
| 035 |
|
|
|a (MiAaPQ)EBC1752812
|
| 035 |
|
|
|a (Au-PeEL)EBL1752812
|
| 035 |
|
|
|a (CaPaEBR)ebr10900544
|
| 035 |
|
|
|a (CaONFJC)MIL653493
|
| 035 |
|
|
|a (OCoLC)885122539
|
| 040 |
|
|
|a MiAaPQ
|b eng
|e rda
|e pn
|c MiAaPQ
|d MiAaPQ
|
| 050 |
|
4 |
|a HF5411
|b .B335 2014
|
| 082 |
0 |
|
|a 658.8
|2 23
|
| 245 |
0 |
0 |
|a Back where we belong - marketing as the organization's core strategy /
|c guest editors, Bo Edvardsson and Philipp Klaus.
|
| 264 |
|
1 |
|a [Bradford, England] :
|b Emerald,
|c 2014.
|
| 264 |
|
4 |
|c 2014
|
| 300 |
|
|
|a 1 online resource (131 pages) :
|b illustrations, chart, tables.
|
| 336 |
|
|
|a text
|2 rdacontent
|
| 337 |
|
|
|a computer
|2 rdamedia
|
| 338 |
|
|
|a online resource
|2 rdacarrier
|
| 490 |
0 |
|
|a Journal of Service Management,
|x 1757-5818 ;
|v Volume 25 Number 2
|
| 500 |
|
|
|a "formerly International Journal of Service Industry Management."
|
| 504 |
|
|
|a Includes bibliographical references at the end of each chapters.
|
| 588 |
|
|
|a Description based on online resource; title from PDF title page (ebrary, viewed September 11, 2014).
|
| 590 |
|
|
|a Electronic reproduction. Ann Arbor, MI : ProQuest, 2016. Available via World Wide Web. Access may be limited to ProQuest affiliated libraries.
|
| 650 |
|
0 |
|a Marketing
|v Congresses.
|
| 650 |
|
0 |
|a Marketing.
|
| 655 |
|
4 |
|a Electronic books.
|
| 700 |
1 |
|
|a Edvardsson, Bo,
|e editor.
|
| 700 |
1 |
|
|a Klaus, Philipp,
|e editor.
|
| 776 |
0 |
8 |
|i Print version:
|t Back where we belong - marketing as the organization's core strategy.
|d [Bradford, England] : Emerald, c2014
|h approximately 131 pages
|k Journal of Service Management ; Volume 25 Number 2
|z 9781784410971
|
| 797 |
2 |
|
|a ProQuest (Firm)
|
| 856 |
4 |
0 |
|u https://ebookcentral.proquest.com/lib/matrademy/detail.action?docID=1752812
|z Click to View
|